The Flash - Portrayals by Picture - Statistics

General Stats
  • This quiz has been taken 5 times
  • The average score is 3 of 40
Answer Stats
Picture Answer % Correct
Ezra Miller
100%
Grant Gustin
67%
Grant Gustin
67%
Josh Keaton
33%
Alan Tudyk
0%
Andy Milder
0%
Charlie Schlatter
0%
Charlie Schlatter
0%
Charlie Schlatter
0%
Charlie Schlatter / Michael Rosenbaum
0%
Charlie Schlatter / Michael Rosenbaum
0%
Chris Edgerly
0%
Christopher Gorham
0%
Christopher Gorham
0%
Christopher Gorham
0%
Cliff Owens
0%
Daisuke Namikawa
0%
Eric Bauza
0%
Hunter Parrish
0%
Jack Angel
0%
Jason Marsden
0%
Jason Spisak
0%
Jason Spisak
0%
Jason Spisak
0%
John Early
0%
John Wesley Shipp
0%
John Wesley Shipp
0%
Justin Chambers
0%
Keiynan Lonsdale
0%
Kenny Johnston
0%
Kyle Gallner
0%
Matt Bomer
0%
Michael Rosenbaum
0%
Michael Rosenbaum
0%
Neal McDonough
0%
Neil Patrick Harris
0%
Scott Porter
0%
Will Friedle
0%
Wil Wheaton
0%
Yuri Lowenthal
0%
No matching quizzes found
Score Distribution
Percent of People with Each Score
Percentile by Number Answered
Your Score History
You have not taken this quiz